Taylor Swift 112 - Statistics

General Stats
  • This quiz has been taken 8 times
    4 since last reset
  • The average score is 343 of 420
Answer Stats
Answer % Correct
3am
100%
a
100%
about
100%
an
100%
and
100%
at
100%
awake
100%
be
100%
bed
100%
bet
100%
better
100%
can't
100%
concerts
100%
couch
100%
do
100%
don't
100%
fine
100%
get
100%
girl
100%
happy
100%
I
100%
I'll
100%
I'm
100%
in
100%
indie
100%
is
100%
it
100%
it's
100%
just
100%
love
100%
me
100%
million-dollar
100%
mine
100%
Mr.
100%
music
100%
my
100%
need
100%
never
100%
oh
100%
on
100%
organic
100%
said
100%
say
100%
she
100%
she's
100%
shoes
100%
still
100%
Superior
100%
than
100%
that
100%
that's
100%
think
100%
Thinkin'
100%
to
100%
we
100%
well
100%
were
100%
we're
100%
when
100%
who
100%
with
100%
you
100%
you'll
100%
your
100%
you're
100%
all
67%
around
67%
asleep
67%
back
67%
believe
67%
but
67%
circles
67%
city
67%
couldn't
67%
did
67%
different
67%
done
67%
early
67%
every
67%
eyes
67%
fall
67%
fast
67%
fell
67%
fit
67%
for
67%
forget
67%
free
67%
friends
67%
go
67%
god
67%
had
67%
hadn't
67%
hard
67%
harder
67%
has
67%
have
67%
heard
67%
help
67%
house
67%
insane
67%
jokes
67%
know
67%
laughed
67%
leave
67%
let
67%
life
67%
like
67%
lookin'
67%
make
67%
meaning
67%
no
67%
now
67%
of
67%
old
67%
over
67%
realized
67%
rolled
67%
room
67%
shrink
67%
sit
67%
snow
67%
so
67%
space
67%
spring
67%
talkin'
67%
tell
67%
the
67%
they
67%
too
67%
tried
67%
up
67%
was
67%
week
67%
why
67%
yeah
67%
Beverly
33%
bills
33%
block
33%
book
33%
bright
33%
'cause
33%
chasing
33%
community
33%
cool
33%
dancin'
33%
does
33%
dreams
33%
'em
33%
farm
33%
feel
33%
felt
33%
gated
33%
grew
33%
her
33%
Hills
33%
hip
33%
huh
33%
kitchen
33%
last
33%
livin'
33%
loud
33%
mansion
33%
mattered
33%
none
33%
not
33%
out
33%
pedigree
33%
raised
33%
reality
33%
sad
33%
saved
33%
sayin'
33%
scared
33%
searchin'
33%
shiny
33%
shit
33%
silver-spoon
33%
song
33%
soul
33%
status
33%
table
33%
time
33%
turned
33%
upper-crust
33%
voices
33%
world
33%
wrote
33%
yes
33%
crept
0%
glamorous
0%
wasn't
0%
No matching quizzes found
Score Distribution
Percent of People with Each Score
Percentile by Number Answered
Your Score History
You have not taken this quiz since the last reset